El régimen señorial y la cuestión agraria en Cataluña durante la Edad Media
Na minha lista:
| Autor principal: | |
|---|---|
| Formato: | Livro |
| Idioma: | espanhol |
| Publicado em: |
Pamplona
Urgoiti
2003
|
| Edição: | 1a. ed |
| Assuntos: | |
| Tags: |
Adicionar Tag
Sem tags, seja o primeiro a adicionar uma tag!
|
MARC
| LEADER | 00000nam a2200000 a 4500 | ||
|---|---|---|---|
| 001 | UCH0179 | ||
| 003 | CL-VaPUC | ||
| 008 | 090115e20030600SP |||||||||||||||||spa|d | ||
| 020 | |a 849324791X | ||
| 082 | 0 | 4 | |a 340.461 |b HIN |2 21 |
| 100 | 0 | |a Hinojosa y Naveros, Eduardo de |e author |9 437807 | |
| 245 | 1 | 3 | |a El régimen señorial y la cuestión agraria en Cataluña durante la Edad Media |
| 250 | |a 1a. ed | ||
| 300 | |a 302 p | ||
| 942 | |c BK | ||
| 945 | |d 20090115 00:00:00 |a jtorresc | ||
| 260 | |a Pamplona |b Urgoiti |c 2003 | ||
| 650 | 0 | |a Historia del derecho |9 255109 | |
| 650 | 7 | |a HISTORIOGRAFIA JURIDICA |2 CL-VaPUC |9 426217 | |
| 650 | 0 | |a Normas jurídicas |9 258310 | |
| 650 | 7 | |a POLITICA AGRARIA |2 CL-VaPUC |9 264314 | |
| 650 | 0 | |a Edad media |9 258041 | |
| 651 | 7 | |a CATALUÑA |2 CL-VaPUC |9 331857 | |
| 651 | 0 | |a España |9 254926 | |
| 583 | |a last modification |c 20130320 12:49:23 |k Rodrigo Vera | ||
| 999 | |c 332540 |d 332538 | ||
| 952 | |0 0 |1 0 |4 0 |6 340_461000000000000_HIN_2003 |7 0 |8 A |9 420329 |a BIBDER |b BIBDER |d 2019-11-22 |i 4512790 |o 340.461 HIN 2003 |p 4512790 |r 2023-01-25 |w 2019-11-22 |y BK |k DER | ||